000 00487nam a2200181Ia 4500
001 10365
005 20260306161827.0
008 260306t2010||||xx |||||||||||||| ||spa||
041 _aESP
082 _a922
_bE88
100 _aEspinoza de la Borda, Álvaro M.
_eAUT
245 0 _aIn Te, Domine Speravi:
_bMonseñor Leonardo José Rodríguez Ballón y la Arquidiócesis de Arequipa
260 _c2010
300 _a
_c
650 _aGEN
654 _aCHU
942 _cLIB
_dJUS
_fJUS
_2ddc
_n
999 _c10365
_d10365